[Event "DEM U10w 2021"]
[Site "Willingen GER"]
[Date "2021.08.26"]
[Round "6"]
[White "Rafikova, Ailin"]
[Black "Margaryan, Mane"]
[Result "1-0"]
[Termination "normal"]
[Board "9"]
[WhiteElo "1375"]
[BlackElo "893"]
[WhiteClock "00:16:15"]
[BlackClock "00:20:52"]
[PlyCount "157"]
[WhiteFideId "34612173"]
[BlackFideId "16268237"]
[EventCountry "GER"]
[EventRounds "11"]
[EventType "swiss"]
[EventDate "2021.08.22"]

1. e4 {[%clk 01:15:55]} {[%emt 00:00:04]} d5 {[%clk 01:15:56]} {[%emt
00:00:04]} 2. exd5 {[%clk 01:16:14]} {[%emt 00:00:10]} Qxd5 {[%clk 01:16:21]}
{[%emt 00:00:06]} 3. Nc3 {[%clk 01:16:21]} {[%emt 00:00:24]} Qa5 {[%clk
01:16:44]} {[%emt 00:00:07]} 4. d4 {[%clk 01:16:37]} {[%emt 00:00:13]} Nf6
{[%clk 01:17:03]} {[%emt 00:00:11]} 5. Bd2 {[%clk 01:16:27]} {[%emt 00:00:39]}
c6 {[%clk 01:17:27]} {[%emt 00:00:07]} 6. Nd5 {[%clk 01:15:59]} {[%emt
00:00:57]} Qxd5 {[%clk 01:17:44]} {[%emt 00:00:13]} 7. Bc3 {[%clk 01:11:33]}
{[%emt 00:04:56]} Bf5 {[%clk 01:16:27]} {[%emt 00:01:48]} 8. Nf3 {[%clk
01:09:00]} {[%emt 00:03:02]} e6 {[%clk 01:12:36]} {[%emt 00:04:23]} 9. Be2
{[%clk 01:07:21]} {[%emt 00:02:04]} Be7 {[%clk 01:07:28]} {[%emt 00:05:43]} 10.
O-O {[%clk 01:05:53]} {[%emt 00:01:57]} O-O {[%clk 01:06:15]} {[%emt 00:01:44]}
11. Re1 {[%clk 01:04:07]} {[%emt 00:02:15]} Re8 {[%clk 01:00:08]} {[%emt
00:06:37]} 12. Bd3 {[%clk 01:00:25]} {[%emt 00:04:12]} Bxd3 {[%clk 00:59:55]}
{[%emt 00:00:43]} 13. Qxd3 {[%clk 00:59:54]} {[%emt 00:01:00]} Nbd7 {[%clk
00:59:05]} {[%emt 00:01:21]} 14. Re2 {[%clk 00:56:45]} {[%emt 00:03:16]} Nh5
{[%clk 00:58:04]} {[%emt 00:01:54]} 15. Qd2 {[%clk 00:48:03]} {[%emt 00:08:52]}
h6 {[%clk 00:57:18]} {[%emt 00:01:35]} 16. a3 {[%clk 00:45:04]} {[%emt
00:03:30]} Bd6 {[%clk 00:50:29]} {[%emt 00:07:19]} 17. Rae1 {[%clk 00:38:45]}
{[%emt 00:06:49]} Nf4 {[%clk 00:31:57]} {[%emt 00:19:02]} 18. Re3 {[%clk
00:28:07]} {[%emt 00:11:03]} Ng6 {[%clk 00:28:21]} {[%emt 00:04:10]} 19. g3
{[%clk 00:24:06]} {[%emt 00:04:09]} Nf6 {[%clk 00:25:22]} {[%emt 00:03:52]} 20.
Ne5 {[%clk 00:20:28]} {[%emt 00:04:09]} Nxe5 {[%clk 00:23:37]} {[%emt
00:02:14]} 21. dxe5 {[%clk 00:19:15]} {[%emt 00:01:43]} Qxd2 {[%clk 00:23:11]}
{[%emt 00:00:56]} 22. Bxd2 {[%clk 00:19:08]} {[%emt 00:00:37]} Ng4 {[%clk
00:23:20]} {[%emt 00:00:21]} 23. exd6 {[%clk 00:17:53]} {[%emt 00:01:44]} Nxe3
{[%clk 00:23:23]} {[%emt 00:00:28]} 24. Bxe3 {[%clk 00:17:59]} {[%emt
00:00:24]} Red8 {[%clk 00:23:30]} {[%emt 00:00:23]} 25. Rd1 {[%clk 00:17:58]}
{[%emt 00:00:32]} Rd7 {[%clk 00:23:29]} {[%emt 00:00:30]} 26. Bf4 {[%clk
00:17:46]} {[%emt 00:00:42]} Rad8 {[%clk 00:22:33]} {[%emt 00:01:26]} 27. c4
{[%clk 00:17:44]} {[%emt 00:00:32]} b6 {[%clk 00:21:51]} {[%emt 00:01:13]} 28.
b4 {[%clk 00:17:41]} {[%emt 00:00:32]} c5 {[%clk 00:21:19]} {[%emt 00:01:02]}
29. bxc5 {[%clk 00:17:46]} {[%emt 00:00:25]} bxc5 {[%clk 00:21:30]} {[%emt
00:00:19]} 30. Rb1 {[%clk 00:17:40]} {[%emt 00:00:36]} g5 {[%clk 00:21:31]}
{[%emt 00:00:29]} 31. Be5 {[%clk 00:17:16]} {[%emt 00:00:54]} Kh7 {[%clk
00:21:12]} {[%emt 00:00:49]} 32. Bf6 {[%clk 00:16:37]} {[%emt 00:01:09]} Re8
{[%clk 00:19:52]} {[%emt 00:01:50]} 33. Be7 {[%clk 00:16:41]} {[%emt 00:00:26]}
Kg7 {[%clk 00:19:11]} {[%emt 00:01:10]} 34. Rb5 {[%clk 00:16:34]} {[%emt
00:00:37]} Rc8 {[%clk 00:17:12]} {[%emt 00:02:29]} 35. a4 {[%emt 00:00:46]} f6
{[%clk 00:17:21]} {[%emt 00:00:17]} 36. a5 {[%clk 00:16:29]} {[%emt 00:00:24]}
Kf7 {[%clk 00:16:45]} {[%emt 00:01:06]} 37. a6 {[%clk 00:16:22]} {[%emt
00:00:37]} e5 {[%clk 00:16:42]} {[%emt 00:00:33]} 38. Kg2 {[%clk 00:15:59]}
{[%emt 00:00:53]} Ke6 {[%clk 00:16:36]} {[%emt 00:00:36]} 39. Kf3 {[%clk
00:15:38]} {[%emt 00:00:51]} f5 {[%clk 00:16:33]} {[%emt 00:00:33]} 40. g4
{[%clk 00:15:33]} {[%emt 00:00:35]} e4+ {[%clk 00:16:46]} {[%emt 00:00:17]} 41.
Ke3 {[%clk 00:15:16]} {[%emt 00:00:48]} Ke5 {[%clk 00:16:47]} {[%emt 00:00:28]}
42. gxf5 {[%clk 00:14:02]} {[%emt 00:01:44]} Kxf5 {[%clk 00:16:40]} {[%emt
00:00:37]} 43. f3 {[%clk 00:13:09]} {[%emt 00:01:22]} exf3 {[%clk 00:16:47]}
{[%emt 00:00:24]} 44. Kxf3 {[%clk 00:13:29]} {[%emt 00:00:11]} g4+ {[%clk
00:17:08]} {[%emt 00:00:09]} 45. Ke3 {[%clk 00:13:20]} {[%emt 00:00:37]} h5
{[%clk 00:17:12]} {[%emt 00:00:28]} 46. Kd3 {[%clk 00:12:22]} {[%emt 00:01:27]}
Kf4 {[%clk 00:16:39]} {[%emt 00:01:03]} 47. Rb7 {[%clk 00:12:34]} {[%emt
00:00:19]} Rxb7 {[%clk 00:16:15]} {[%emt 00:00:53]} 48. axb7 {[%clk 00:12:48]}
{[%emt 00:00:16]} Rb8 {[%clk 00:16:23]} {[%emt 00:00:21]} 49. d7 {[%clk
00:12:55]} {[%emt 00:00:24]} Rxb7 {[%clk 00:16:29]} {[%emt 00:00:24]} 50. d8=Q
{[%clk 00:13:07]} {[%emt 00:00:19]} Rb3+ {[%clk 00:16:50]} {[%emt 00:00:08]}
51. Kc2 {[%clk 00:13:02]} {[%emt 00:00:35]} Rh3 {[%clk 00:16:47]} {[%emt
00:00:33]} 52. Bd6+ {[%clk 00:13:09]} {[%emt 00:00:23]} Kf3 {[%clk 00:15:34]}
{[%emt 00:01:43]} 53. Qf6+ {[%clk 00:13:02]} {[%emt 00:00:35]} Kg2 {[%clk
00:15:45]} {[%emt 00:00:21]} 54. Qe5 {[%clk 00:11:23]} {[%emt 00:02:06]} h4
{[%clk 00:14:26]} {[%emt 00:02:07]} 55. Qxc5 {[%clk 00:10:36]} {[%emt
00:01:16]} g3 {[%clk 00:14:32]} {[%emt 00:00:24]} 56. hxg3 {[%clk 00:10:45]}
{[%emt 00:00:21]} hxg3 {[%clk 00:14:42]} {[%emt 00:00:21]} 57. Qg5 {[%clk
00:10:00]} {[%emt 00:01:08]} Kf2 {[%clk 00:14:34]} {[%emt 00:00:44]} 58. Bxg3
{[%clk 00:09:25]} {[%emt 00:01:05]} Rxg3 {[%clk 00:14:51]} {[%emt 00:00:13]}
59. Qxg3 {[%clk 00:09:33]} {[%emt 00:00:21]} Kxg3 {[%clk 00:15:12]} {[%emt
00:00:10]} 60. c5 {[%clk 00:09:53]} {[%emt 00:00:10]} Kf4 {[%clk 00:15:30]}
{[%emt 00:00:12]} 61. c6 {[%clk 00:10:16]} {[%emt 00:00:08]} Ke5 {[%clk
00:15:46]} {[%emt 00:00:13]} 62. c7 {[%clk 00:10:38]} {[%emt 00:00:08]} a5
{[%clk 00:15:59]} {[%emt 00:00:18]} 63. c8=Q {[%clk 00:10:56]} {[%emt
00:00:11]} a4 {[%clk 00:16:20]} {[%emt 00:00:09]} 64. Qa6 {[%clk 00:11:06]}
{[%emt 00:00:20]} a3 {[%clk 00:16:23]} {[%emt 00:00:26]} 65. Qxa3 {[%clk
00:11:32]} {[%emt 00:00:05]} Kd5 {[%clk 00:16:48]} {[%emt 00:00:06]} 66. Qc3
{[%emt 00:00:13]} Kd6 {[%clk 00:17:02]} {[%emt 00:00:14]} 67. Qc4 {[%clk
00:12:15]} {[%emt 00:00:06]} Ke5 {[%clk 00:17:19]} {[%emt 00:00:13]} 68. Qd3
{[%clk 00:12:37]} {[%emt 00:00:07]} Kf6 {[%clk 00:17:31]} {[%emt 00:00:18]} 69.
Qe4 {[%clk 00:13:02]} {[%emt 00:00:05]} Kg5 {[%clk 00:17:54]} {[%emt 00:00:08]}
70. Qf3 {[%clk 00:13:20]} {[%emt 00:00:11]} Kh4 {[%clk 00:18:11]} {[%emt
00:00:13]} 71. Qg2 {[%clk 00:13:45]} {[%emt 00:00:05]} Kh5 {[%clk 00:18:32]}
{[%emt 00:00:09]} 72. Qg3 {[%clk 00:14:07]} {[%emt 00:00:08]} Kh6 {[%clk
00:18:54]} {[%emt 00:00:07]} 73. Qg4 {[%clk 00:14:32]} {[%emt 00:00:06]} Kh7
{[%clk 00:19:07]} {[%emt 00:00:18]} 74. Qg5 {[%clk 00:14:54]} {[%emt 00:00:07]}
Kh8 {[%clk 00:19:32]} {[%emt 00:00:05]} 75. Kd3 {[%clk 00:15:21]} {[%emt
00:00:04]} Kh7 {[%clk 00:19:44]} {[%emt 00:00:17]} 76. Ke4 {[%clk 00:15:40]}
{[%emt 00:00:11]} Kh8 {[%clk 00:20:08]} {[%emt 00:00:06]} 77. Kf5 {[%clk
00:16:01]} {[%emt 00:00:09]} Kh7 {[%clk 00:20:31]} {[%emt 00:00:08]} 78. Kf6
{[%clk 00:16:21]} {[%emt 00:00:09]} Kh8 {[%clk 00:20:52]} {[%emt 00:00:09]} 79.
Qg7# {[%clk 00:16:15]} {[%emt 00:00:06]} 1-0

[Event "DEM U10w 2021"]
[Site "Willingen GER"]
[Date "2021.08.26"]
[Round "6"]
[White "Bacakova, Klara"]
[Black "Amrhein, Yana"]
[Result "0-1"]
[Termination "normal"]
[Board "10"]
[WhiteElo "955"]
[BlackElo "735"]
[WhiteClock "00:11:28"]
[BlackClock "01:13:11"]
[PlyCount "60"]
[WhiteFideId "34605762"]
[BlackFideId "34638253"]
[EventCountry "GER"]
[EventRounds "11"]
[EventType "swiss"]
[EventDate "2021.08.22"]

1. d4 {[%clk 01:15:56]} {[%emt 00:00:03]} d6 {[%clk 01:15:51]} {[%emt
00:00:08]} 2. c4 {[%clk 01:15:22]} {[%emt 00:01:05]} Nf6 {[%clk 01:16:09]}
{[%emt 00:00:12]} 3. Nc3 {[%clk 01:13:28]} {[%emt 00:02:24]} g6 {[%clk
01:16:09]} {[%emt 00:00:30]} 4. Nf3 {[%clk 01:08:59]} {[%emt 00:05:00]} Bg7
{[%clk 01:16:28]} {[%emt 00:00:09]} 5. Bf4 {[%clk 01:07:56]} {[%emt 00:01:34]}
c6 {[%clk 01:14:01]} {[%emt 00:02:58]} 6. e4 {[%clk 01:06:18]} {[%emt
00:02:07]} Nbd7 {[%clk 01:14:10]} {[%emt 00:00:20]} 7. Bd3 {[%clk 01:04:12]}
{[%emt 00:02:38]} Nh5 {[%clk 01:12:50]} {[%emt 00:01:49]} 8. Bg3 {[%clk
00:59:01]} {[%emt 00:05:40]} Nxg3 {[%clk 01:12:34]} {[%emt 00:00:47]} 9. fxg3
{[%clk 00:58:55]} {[%emt 00:00:35]} Nf6 {[%clk 01:12:38]} {[%emt 00:00:27]} 10.
O-O {[%clk 00:58:07]} {[%emt 00:01:18]} Bg4 {[%clk 01:12:22]} {[%emt 00:00:46]}
11. Qb3 {[%clk 00:55:34]} {[%emt 00:03:03]} O-O {[%clk 01:12:19]} {[%emt
00:00:28]} 12. Qxb7 {[%clk 00:54:54]} {[%emt 00:01:14]} Bxf3 {[%clk 01:12:12]}
{[%emt 00:00:37]} 13. Rxf3 {[%clk 00:53:33]} {[%emt 00:01:51]} Qe8 {[%clk
01:11:51]} {[%emt 00:00:51]} 14. d5 {[%clk 00:52:54]} {[%emt 00:01:11]} cxd5
{[%clk 01:11:13]} {[%emt 00:00:42]} 15. Nxd5 {[%clk 00:46:09]} {[%emt
00:07:39]} Nxd5 {[%clk 01:11:13]} {[%emt 00:00:31]} 16. cxd5 {[%clk 00:45:19]}
{[%emt 00:01:19]} Qb8 {[%clk 01:10:36]} {[%emt 00:01:04]} 17. Qxe7 {[%clk
00:38:25]} {[%emt 00:07:26]} Qxb2 {[%clk 01:10:44]} {[%emt 00:00:23]} 18. Rff1
{[%clk 00:36:34]} {[%emt 00:02:20]} Rad8 {[%clk 01:10:51]} {[%emt 00:00:20]}
19. Qxa7 {[%clk 00:34:40]} {[%emt 00:02:29]} Bd4+ {[%clk 01:11:11]} {[%emt
00:00:08]} 20. Qxd4 {[%clk 00:31:48]} {[%emt 00:03:23]} Qxd4+ {[%clk 01:11:19]}
{[%emt 00:00:23]} 21. Kh1 {[%clk 00:31:15]} {[%emt 00:01:02]} Qxd3 {[%emt
00:04:05]} 22. Rae1 {[%clk 00:27:53]} Rc8 {[%clk 01:11:42]} {[%emt 00:00:25]}
23. Rg1 {[%clk 00:18:46]} {[%emt 00:09:35]} Rc2 {[%clk 01:11:33]} {[%emt
00:00:41]} 24. a4 {[%clk 00:12:03]} {[%emt 00:07:14]} Rb8 {[%clk 01:11:40]}
{[%emt 00:00:20]} 25. Ref1 {[%clk 00:10:24]} {[%emt 00:02:11]} Qd2 {[%clk
01:11:53]} {[%emt 00:00:15]} 26. h3 {[%clk 00:10:33]} {[%emt 00:00:23]} Rbb2
{[%clk 01:12:08]} {[%emt 00:00:15]} 27. Kh2 {[%clk 00:10:34]} {[%emt 00:00:29]}
Qxg2+ {[%clk 01:12:05]} {[%emt 00:00:33]} 28. Rxg2 {[%clk 00:10:56]} {[%emt
00:00:07]} Rxg2+ {[%clk 01:12:30]} {[%emt 00:00:06]} 29. Kh1 {[%clk 00:11:06]}
{[%emt 00:00:20]} Rh2+ {[%clk 01:12:45]} {[%emt 00:00:15]} 30. Kg1 {[%clk
00:11:28]} {[%emt 00:00:08]} Rbg2# {[%clk 01:13:11]} {[%emt 00:00:04]} 0-1

[Event "DEM U10w 2021"]
[Site "Willingen GER"]
[Date "2021.08.26"]
[Round "6"]
[White "Heidtkamp, Anna"]
[Black "Mader, Theresa"]
[Result "1-0"]
[Termination "normal"]
[Board "11"]
[WhiteElo "1132"]
[BlackElo "1078"]
[WhiteClock "00:16:57"]
[BlackClock "00:56:20"]
[PlyCount "135"]
[WhiteFideId "16269012"]
[BlackFideId "34605657"]
[EventCountry "GER"]
[EventRounds "11"]
[EventType "swiss"]
[EventDate "2021.08.22"]

1. e4 {[%clk 01:15:58]} {[%emt 00:00:02]} c6 {[%clk 01:15:54]} {[%emt
00:00:07]} 2. d4 {[%clk 01:16:22]} {[%emt 00:00:05]} d5 {[%clk 01:16:17]}
{[%emt 00:00:07]} 3. exd5 {[%clk 01:16:46]} {[%emt 00:00:06]} cxd5 {[%clk
01:16:40]} {[%emt 00:00:08]} 4. Bd3 {[%clk 01:17:03]} {[%emt 00:00:12]} Nc6
{[%clk 01:16:49]} {[%emt 00:00:21]} 5. c3 {[%clk 01:17:17]} {[%emt 00:00:16]}
Nf6 {[%clk 01:16:55]} {[%emt 00:00:24]} 6. h3 {[%clk 01:17:37]} {[%emt
00:00:09]} e6 {[%clk 01:16:44]} {[%emt 00:00:42]} 7. Nf3 {[%clk 01:17:49]}
{[%emt 00:00:17]} Bd6 {[%clk 01:16:51]} {[%emt 00:00:24]} 8. Bg5 {[%clk
01:17:31]} {[%emt 00:00:48]} h6 {[%clk 01:16:57]} {[%emt 00:00:24]} 9. Bh4
{[%clk 01:17:53]} {[%emt 00:00:08]} Bd7 {[%clk 01:16:45]} {[%emt 00:00:43]} 10.
Nbd2 {[%clk 01:17:10]} {[%emt 00:01:12]} O-O {[%clk 01:16:41]} {[%emt
00:00:34]} 11. O-O {[%clk 01:17:22]} {[%emt 00:00:17]} Re8 {[%clk 01:16:25]}
{[%emt 00:00:46]} 12. Bg3 {[%clk 01:16:04]} {[%emt 00:01:48]} Be7 {[%clk
01:15:27]} {[%emt 00:01:29]} 13. Ne5 {[%clk 01:14:22]} {[%emt 00:02:12]} Nxe5
{[%clk 01:14:45]} {[%emt 00:01:11]} 14. Bxe5 {[%clk 01:14:05]} {[%emt
00:00:48]} Rc8 {[%clk 01:13:32]} {[%emt 00:01:43]} 15. Qf3 {[%clk 01:10:51]}
{[%emt 00:03:38]} Rc6 {[%clk 01:10:46]} {[%emt 00:03:23]} 16. Rae1 {[%clk
01:01:49]} {[%emt 00:09:26]} Rb6 {[%clk 01:09:21]} {[%emt 00:01:59]} 17. Nb3
{[%clk 00:58:24]} {[%emt 00:03:55]} Bb5 {[%clk 01:08:20]} {[%emt 00:01:32]} 18.
Re3 {[%clk 00:46:43]} {[%emt 00:12:07]} Bxd3 {[%clk 01:06:58]} {[%emt
00:01:55]} 19. Rxd3 {[%clk 00:44:44]} {[%emt 00:02:30]} Bd6 {[%clk 01:05:15]}
{[%emt 00:02:13]} 20. Bxf6 {[%clk 00:43:23]} {[%emt 00:01:52]} Qxf6 {[%clk
01:04:59]} {[%emt 00:00:43]} 21. Qxf6 {[%clk 00:43:37]} {[%emt 00:00:17]} gxf6
{[%clk 01:05:18]} {[%emt 00:00:11]} 22. Re1 {[%clk 00:38:04]} {[%emt 00:06:02]}
f5 {[%clk 01:04:21]} {[%emt 00:01:27]} 23. g4 {[%clk 00:34:25]} {[%emt
00:04:09]} fxg4 {[%clk 01:03:56]} {[%emt 00:00:55]} 24. hxg4 {[%clk 00:34:46]}
{[%emt 00:00:09]} Kh7 {[%clk 01:03:07]} {[%emt 00:01:20]} 25. Rf1 {[%clk
00:30:43]} {[%emt 00:04:32]} Rg8 {[%clk 01:02:33]} {[%emt 00:01:04]} 26. f3
{[%clk 00:30:31]} {[%emt 00:00:42]} Bf4 {[%clk 01:01:04]} {[%emt 00:01:59]} 27.
Kg2 {[%clk 00:28:45]} {[%emt 00:02:15]} Ra6 {[%clk 01:00:14]} {[%emt 00:01:22]}
28. Ra1 {[%clk 00:27:32]} {[%emt 00:01:43]} Rb6 {[%clk 00:59:56]} {[%emt
00:00:48]} 29. Rb1 {[%clk 00:23:16]} {[%emt 00:04:45]} Ra6 {[%clk 00:59:27]}
{[%emt 00:01:00]} 30. a3 {[%clk 00:22:26]} {[%emt 00:01:19]} Rb6 {[%clk
00:59:12]} {[%emt 00:00:46]} 31. Nc5 {[%clk 00:22:19]} {[%emt 00:00:37]} h5
{[%clk 00:58:21]} {[%emt 00:01:21]} 32. Nd7 {[%clk 00:21:00]} {[%emt 00:01:48]}
hxg4 {[%clk 00:56:57]} {[%emt 00:01:55]} 33. Nf6+ {[%clk 00:21:14]} {[%emt
00:00:15]} Kh8 {[%clk 00:56:34]} {[%emt 00:00:54]} 34. Nxg8 {[%clk 00:21:33]}
{[%emt 00:00:10]} Kxg8 {[%clk 00:56:55]} {[%emt 00:00:10]} 35. fxg4 {[%clk
00:21:56]} {[%emt 00:00:07]} Kg7 {[%clk 00:56:48]} {[%emt 00:00:37]} 36. Rf3
{[%clk 00:21:08]} {[%emt 00:01:19]} Bg5 {[%clk 00:56:37]} {[%emt 00:00:40]} 37.
b4 {[%clk 00:19:45]} {[%emt 00:01:53]} Rc6 {[%clk 00:56:23]} {[%emt 00:00:45]}
38. a4 {[%clk 00:19:23]} {[%emt 00:00:52]} a6 {[%clk 00:56:09]} {[%emt
00:00:43]} 39. a5 {[%clk 00:19:00]} {[%emt 00:00:53]} Rd6 {[%clk 00:56:09]}
{[%emt 00:00:29]} 40. Rbf1 {[%clk 00:17:44]} {[%emt 00:01:43]} Rd7 {[%clk
00:56:00]} {[%emt 00:00:44]} 41. Kf2 {[%clk 00:17:03]} {[%emt 00:01:09]} Rc7
{[%clk 00:55:57]} {[%emt 00:00:33]} 42. Ke2 {[%clk 00:17:06]} {[%emt 00:00:27]}
Rd7 {[%clk 00:55:49]} {[%emt 00:00:38]} 43. Kd1 {[%clk 00:16:22]} {[%emt
00:01:14]} Rc7 {[%clk 00:55:49]} {[%emt 00:00:31]} 44. Kc2 {[%clk 00:16:39]}
{[%emt 00:00:11]} f6 {[%clk 00:55:29]} {[%emt 00:00:52]} 45. R1f2 {[%clk
00:16:14]} {[%emt 00:00:54]} b5 {[%clk 00:55:14]} {[%emt 00:00:46]} 46. Re2
{[%clk 00:15:40]} {[%emt 00:01:04]} Rc6 {[%clk 00:55:20]} {[%emt 00:00:24]} 47.
Rh3 {[%clk 00:15:36]} {[%emt 00:00:33]} Kg6 {[%clk 00:55:23]} {[%emt 00:00:28]}
48. Rh8 {[%clk 00:15:30]} {[%emt 00:00:34]} Rd6 {[%clk 00:55:06]} {[%emt
00:00:49]} 49. Rb8 {[%clk 00:15:37]} {[%emt 00:00:22]} Rc6 {[%clk 00:55:12]}
{[%emt 00:00:25]} 50. Rb6 {[%clk 00:15:59]} {[%emt 00:00:08]} Rc8 {[%clk
00:54:53]} {[%emt 00:00:49]} 51. Rexe6 {[%clk 00:15:22]} {[%emt 00:01:05]} Ra8
{[%clk 00:54:48]} {[%emt 00:00:37]} 52. Rxa6 {[%clk 00:15:44]} {[%emt
00:00:08]} Rh8 {[%clk 00:54:24]} {[%emt 00:00:53]} 53. Re2 {[%clk 00:14:53]}
{[%emt 00:01:22]} Rc8 {[%clk 00:54:20]} {[%emt 00:00:34]} 54. Rb6 {[%clk
00:13:51]} {[%emt 00:01:32]} Rh8 {[%clk 00:54:18]} {[%emt 00:00:33]} 55. a6
{[%clk 00:14:13]} {[%emt 00:00:08]} Rc8 {[%clk 00:54:35]} {[%emt 00:00:12]} 56.
a7 {[%clk 00:14:35]} {[%emt 00:00:08]} Rh8 {[%clk 00:55:00]} {[%emt 00:00:05]}
57. Ra6 {[%clk 00:15:00]} {[%emt 00:00:05]} Ra8 {[%clk 00:55:17]} {[%emt
00:00:13]} 58. Re7 {[%clk 00:15:21]} {[%emt 00:00:09]} Bh4 {[%clk 00:55:01]}
{[%emt 00:00:46]} 59. Rb7 {[%clk 00:15:34]} {[%emt 00:00:17]} Re8 {[%clk
00:55:05]} {[%emt 00:00:26]} 60. Ra2 {[%clk 00:15:32]} {[%emt 00:00:31]} Re2+
{[%clk 00:55:09]} {[%emt 00:00:26]} 61. Kb3 {[%clk 00:15:58]} {[%emt 00:00:05]}
Re8 {[%clk 00:55:21]} {[%emt 00:02:54]} 62. Rb8 {[%clk 00:16:19]} {[%emt
00:00:11]} Re1 {[%clk 00:55:26]} {[%emt 00:00:24]} 63. a8=Q {[%clk 00:16:31]}
{[%emt 00:00:17]} Rb1+ {[%clk 00:55:35]} {[%emt 00:00:21]} 64. Rb2 {[%clk
00:16:54]} {[%emt 00:00:07]} Re1 {[%clk 00:55:43]} {[%emt 00:00:23]} 65. Qxd5
{[%clk 00:16:49]} {[%emt 00:00:35]} Bg3 {[%clk 00:55:53]} {[%emt 00:00:20]} 66.
Qh5+ {[%clk 00:16:51]} {[%emt 00:00:27]} Kg7 {[%clk 00:56:10]} {[%emt
00:00:14]} 67. Rb7+ {[%clk 00:17:08]} {[%emt 00:00:13]} Kf8 {[%clk 00:56:20]}
{[%emt 00:00:19]} 68. Qf7# {[%clk 00:16:57]} {[%emt 00:00:10]} 1-0